Le neveu de Rameau

שמור ב:
מידע ביבליוגרפי
מחבר ראשי: Diderot
פורמט: ספר
שפה:Undetermined
יצא לאור: París, Francia Larousse 1934
נושאים:
תגים: הוספת תג
אין תגיות, היה/י הראשונ/ה לתייג את הרשומה!

MARC

LEADER 00000nam a2200000Ia 4500
008 170316s9999 xx 000 0 und d
040 |a cru BVZT 
090 |a 840 D-10n 
100 |a Diderot 
245 |a Le neveu de Rameau 
260 |a París, Francia 
260 |b Larousse 
260 |c 1934 
300 |a 95 páginas 
650 |a LITERATURA FRANCESA 
999 |c 7629  |d 7629 
942 |c 15 D  |h 840 D-10n  |2 z